banner-ar

GENERAL JAMES H. DOOLITTLE: LEARNING PACKET / (Record no. 15445)

MARC details
000 -الفاتح
حقل البيانات ثابتة الطول 00591nam a2200193Ia 4500
008 - عناصر البيانات ثابتة الطول - معلومات عامة
حقل البيانات ثابتة الطول 140319s9999 xx 000 0 eng d
040 ## - مصدر الفهرسة
وكالة الفهرسة الأصلية GCL /
وكالة النسخ GCL
082 04 - رقم تصنيف ديوى العشرى
رقم التصنيف 629.13007
رقم المادة N G
100 1# - المدخل الرئيسى - إسم شخصى
الإسم الشخصى NATIONAL HEADQUARTERS CIVIL AIRPORT
245 10 - بيان العنوان
العنوان GENERAL JAMES H. DOOLITTLE: LEARNING PACKET /
بيان المسئوليه,etc NATIONAL HEADQUARTERS CIVIL AIRPORT
260 ## - PUBLICATION, DISTRIBUTION, ETC. (IMPRINT)
تاريخ النشر أو التوزيع 1992
300 ## - الوصف المادى
التعداد 24 P
650 04 - المدخل الاضافى بالموضوع-مصطلح موضوعى
مصطلح موضوعي AVIATION
650 04 - المدخل الاضافى بالموضوع-مصطلح موضوعى
مصطلح موضوعي AERONAUTICS - UNITED STATES
650 04 - المدخل الاضافى بالموضوع-مصطلح موضوعى
مصطلح موضوعي AERONAUTICS - STUDY AND TEACHING
650 04 - المدخل الاضافى بالموضوع-مصطلح موضوعى
مصطلح موضوعي JAMES, J.DOOLITTLE
942 ## - عناصر المدخل الإضافي( كوها)
مصدر التصنيف او مخطط الترفيف Dewey Decimal Classification
Koha [default] item type كتاب
260 ## - PUBLICATION, DISTRIBUTION, ETC. (IMPRINT)
-- [S.N] :
-- NATIONAL HEADQUARTERS ،
Holdings
حالة التراجع حالة الفقد حالة تلف ليس للاعارة المكان المؤقت الموقع الحالى تاريخ الاكتساب اجمالي اﻻعارات رقم الطلب الباركود تاريخ اخر مشاهدة تاريخ تفعيل السعر نوع وعاء كوها
        مكتبة القاهرة الكبرى مكتبة القاهرة الكبرى 03/26/2014   629.13007\N G 28585 03/26/2014 03/26/2014 كتاب

Powered By

EGPV